Pays du monde sans carte (de L à I) - Statistiques

Statistiques générales
  • Ce quiz a été pris 247 fois
  • Le résultat moyen est 21 sur 28
Statistiques - réponses
Hint Réponse % Correct
L Lettonie
96%
L Lituanie
96%
K Kazakhstan
91%
J Jordanie
87%
I Inde
80%
I Irlande
80%
I Italie
80%
J Japon
79%
L Laos
79%
J Jamaique
78%
K Kenya
78%
I Indonésie
77%
K Kirghizistan
77%
I Islande
76%
K Koweit
75%
I Iran
74%
I Irak
73%
L Lesotho
72%
L Luxembourg
72%
L Liban
71%
L Libye
71%
K Kosovo
67%
L Liberia
67%
K Kiribati
66%
L Liechtenstein
65%
I Israël
64%
I Iles Marshall
53%
I Iles Salomon
45%
Aucun quiz correspondant
Distribution des résultats
% des personnes avec chaque résultat
Percentile par nombre de réponses
Votre historique - résultats
Vous n’avez pas pris ce quiz